[Event "XXXVI Capablanca Mem Elite"]
[Site "Havana CUB"]
[Date "2001.05.16"]
[Round "10"]
[White "Luther,T"]
[Black "Bruzon,L"]
[Result "1-0"]
[WhiteElo "2568"]
[BlackElo "2589"]

1.e4 c5 2.Nf3 e6 3.d4 cxd4 4.Nxd4 Nc6 5.Nc3 Qc7 6.Be2 Nf6 7.O-O a6 8.Kh1 Nxd4
9.Qxd4 Bc5 10.Qd3 b5 11.Bg5 Bb7 12.f4 Rc8 13.a4 b4 14.e5 Nd5 15.Nxd5 Bxd5
16.Qxa6 Bd4 17.c3 bxc3 18.bxc3 Qxc3 19.Ra3 Qc5 20.Rg3 Bc4 21.Bxc4 Qxc4 22.Qxc4 Rxc4
23.a5 h6 24.Bh4 Bf2 25.Rb3 Bxh4 26.Rb8+ Bd8 27.Ra1 Rc7 28.Ra8 f6 29.a6 fxe5
30.a7 Ke7 31.Rb8 Rxa7 32.Rxa7 exf4 33.Rbb7 Kf6 34.Ra8 Ke7 35.Raa7 Kf6 36.Ra8 Ke7
37.Raa7 Kf6 38.Rxd7 Bb6 39.Rf7+ Ke5 40.Ra6 Bd4 41.g3 fxg3 42.hxg3 Rb8 43.Rxg7 Rb6
44.Rxb6 Bxb6 45.Kg2 Be3 46.Kf3 Kf6 47.Rg8 Bc1 48.Kg4 Bd2 49.Kh5 Kf7 50.Rd8 Bg5
51.Rd1 Kf6 52.Rf1+ Kg7 53.Kg4 Kg6 54.Rb1 Bd2 55.Rb2 Bc1 56.Rc2 Be3 57.Re2 h5+
58.Kf3 Bd4 59.Rxe6+ Kg5 60.Re8 Kf5 61.Ra8 Be5 62.Ra5 Kf6 63.Kg2  1-0

[Event "XXXVI Capablanca Mem Premier I"]
[Site "Havana CUB"]
[Date "2001.05.16"]
[Round "10"]
[White "Reinaldo Castineira,R"]
[Black "Vazquez,R"]
[Result "0-1"]
[WhiteElo "2425"]
[BlackElo "2393"]

1.e4 c5 2.Nf3 e6 3.d4 cxd4 4.Nxd4 Nc6 5.Nc3 a6 6.Be2 Qc7 7.O-O Nf6 8.Kh1 d6
9.a4 Be7 10.f4 O-O 11.Be3 Re8 12.Bf3 Rb8 13.g4 Bf8 14.g5 Nd7 15.Bg2 g6 16.Rf3 b6
17.f5 Nde5 18.Rh3 Nxd4 19.Bxd4 Bb7 20.Qe1 exf5 21.Qh4 Bg7 22.exf5 Bxg2+ 23.Kxg2 Qb7+
24.Kf2 gxf5 25.Qxh7+ Kf8 26.Qxf5 Rbc8 27.Re1 Rc4 28.Re4 b5 29.Rh7 Rxd4 30.Rxd4 Qa7
31.Ne2 Nc6 32.c3 Nxd4 33.cxd4 Qe7 34.Ng3 bxa4 35.Qf4 Qe1+ 36.Kg2 Kg8 37.Rh4 Rb8
38.Qxd6 Rxb2+ 39.Kf3 Rf2+ 40.Kg4 Qe6+ 41.Qxe6 fxe6 42.Ne4 Re2 43.Kf3 a3 44.d5 a2
45.dxe6 a1=Q 46.Kxe2 Qe5 47.Kf3 Qxe6 48.Rg4 a5 49.h4 a4 50.h5 a3 51.h6 a2
52.hxg7 a1=Q 53.Nf6+ Kxg7 54.Nh5+  0-1

[Event "TCh-RUS"]
[Site "Tomsk RUS"]
[Date "2001.05.16"]
[Round "4"]
[White "Brodsky,M"]
[Black "Arkhipov,S"]
[Result "1-0"]
[WhiteElo "2529"]
[BlackElo "2531"]

1.e4 c5 2.Nf3 e6 3.d4 cxd4 4.Nxd4 Nc6 5.Nc3 Qc7 6.Be2 Nf6 7.O-O a6 8.Be3 Be7
9.f4 d6 10.a4 O-O 11.Kh1 Re8 12.a5 Nd7 13.Nb3 b5 14.axb6 Nxb6 15.Nb5 axb5
16.Bxb6 Qb8 17.Rxa8 Qxa8 18.Bc7 b4 19.Qd2 e5 20.fxe5 dxe5 21.Bc4 Bf6 22.Bd5 Bb7
23.Nc5 Qc8 24.Bb6 Ba8 25.Ra1 Be7 26.Nd3 Bb7 27.Rf1 Bf6 28.Be3 Ba6 29.Bg5 Ne7
30.Bxf6 gxf6 31.Rxf6 Nxd5 32.exd5 Bxd3 33.cxd3 Qg4 34.h3 Qh4 35.Rf5 h6 36.Qc1 e4
37.Rf4  1-0

[Event "TCh-RUS"]
[Site "Tomsk RUS"]
[Date "2001.05.17"]
[Round "5"]
[White "Tseshkovsky,V"]
[Black "Bachin,V"]
[Result "1-0"]
[WhiteElo "2555"]
[BlackElo "2426"]

1.e4 c5 2.Nc3 e6 3.Nf3 Nc6 4.d4 cxd4 5.Nxd4 Nf6 6.Nxc6 bxc6 7.e5 Nd5 8.Ne4 Qc7
9.f4 Qb6 10.c4 Bb4+ 11.Ke2 Ba6 12.Kf3 f5 13.Nf2 Ne7 14.Be3 c5 15.a3 Ba5 16.b4 Qb7+
17.Kg3 cxb4 18.axb4 Bxb4 19.Qa4 g5 20.fxg5 Bc3 21.Qxa6 Bxe5+ 22.Kh3 h6 23.g6 Qb8
24.Be2 Nxg6 25.Bh5 Rg8 26.Nd3 f4 27.Ra5 Bc7 28.Rb5 Qd8 29.Bxg6+ Rxg6 30.Nxf4 Rf6
31.Nh5 Rf7 32.Qa1 e5 33.Qb1 Qc8 34.Qg6 Ke7 35.Bxh6 Qh8 36.Bg5+ Kf8 37.Bf6 Qh7
38.Qxh7 Rxh7 39.g4 d6 40.Rb7 a5 41.Ra1 Ke8 42.Bh4  1-0

[Event "XXXVI Capablanca Mem Premier I"]
[Site "Havana CUB"]
[Date "2001.05.18"]
[Round "12"]
[White "Reinaldo Castineira,R"]
[Black "Borges Mateos,J"]
[Result "1-0"]
[WhiteElo "2425"]
[BlackElo "2436"]

1.e4 c5 2.Nf3 e6 3.d4 cxd4 4.Nxd4 Nc6 5.Nc3 Qc7 6.Be2 a6 7.O-O Nf6 8.Kh1 Nxd4
9.Qxd4 Bc5 10.Qd3 b5 11.Bg5 Bb7 12.f4 Rc8 13.e5 Nd5 14.Nxd5 Bxd5 15.Qg3 Be4
16.Bd3 Qc6 17.Rad1 O-O 18.f5 exf5 19.Bf6 g6 20.Rf4 Rfe8 21.Bxe4 fxe4 22.Qh4 Bf8
23.c3 d6 24.exd6 e3 25.Rdd4 h6 26.d7 g5 27.dxc8=Q Qxc8 28.Qg3 Qe6 29.Rd1 e2
30.Re1 Qd5 31.Rd4 Qf5 32.Qf3 Qc2 33.Qd3 Qxb2 34.Qd2  1-0

[Event "XXXVI Capablanca Mem Premier I"]
[Site "Havana CUB"]
[Date "2001.05.18"]
[Round "12"]
[White "Leyva,R"]
[Black "Garcia Martinez,S"]
[Result "1/2-1/2"]
[WhiteElo "2400"]
[BlackElo "2378"]

1.e4 c5 2.Nf3 Nc6 3.d4 cxd4 4.Nxd4 e6 5.Nc3 Qc7 6.Be3 a6 7.Qd2 Nf6 8.f3 Ne5
9.O-O-O b5 10.Bd3 b4 11.Nce2 Nxd3+ 12.Qxd3 d5  1/2-1/2

[Event "TCh-YUG Women"]
[Site "Herceg Novi YUG"]
[Date "2001.05.18"]
[Round "5"]
[White "Mladenovic,J"]
[Black "Micic,S"]
[Result "0-1"]
[WhiteElo "2120"]
[BlackElo "2179"]

1.e4 c5 2.Nf3 Nc6 3.d4 cxd4 4.Nxd4 e6 5.Nc3 Qc7 6.Be2 a6 7.O-O Nf6 8.Be3 Be7
9.f4 d6 10.Nb3 b5 11.Bf3 Bb7 12.Qe1 O-O 13.Qf2 Rac8 14.Rad1 Nd7 15.Rd2 Ba8
16.Rfd1 Rfd8 17.Kh1 Rb8 18.Qg3 Nb6 19.f5 b4 20.Bh6 g6 21.fxg6 hxg6 22.Ne2 e5
23.Rf1 Bf8 24.Bxf8 Rxf8 25.Bh5 Kg7 26.Ng1 Rh8 27.Bd1 Qe7 28.Rdf2 Rbf8 29.Be2 a5
30.Qf3 a4 31.Nd2 Nd4 32.Qf6+ Qxf6 33.Rxf6 Nf5 34.R1xf5 gxf5 35.Rxf5 Rc8 36.Bd3 Bc6
37.Ngf3 f6 38.Ng1 Bd7 39.Rf3 Be6 40.b3 axb3 41.axb3 Ra8 42.Nf1 Nd7 43.Ng3 Nc5
44.Bb5 Ra2 45.Nf5+ Bxf5 46.exf5 Rxc2 47.Rg3+ Kf8 48.h3 Rg8 49.Rxg8+ Kxg8
50.Bc4+ Kg7 51.h4 Rxc4 52.bxc4 b3 53.Nf3 Ne4  0-1

[Event "65th ch-BUL"]
[Site "Tsarevo BUL"]
[Date "2001.05.18"]
[Round "8"]
[White "Spasov,V"]
[Black "Delchev,A"]
[Result "1/2-1/2"]
[WhiteElo "2571"]
[BlackElo "2584"]

1.e4 c5 2.Nf3 e6 3.d4 cxd4 4.Nxd4 Nc6 5.Nc3 Qc7 6.f4 Nxd4 7.Qxd4 a6 8.Be3 b5
9.O-O-O Bb7 10.Be2 Rc8 11.Rd2 Nf6 12.Bf3 Be7 13.Kb1 O-O 14.e5 b4 15.Na4 Bxf3
16.gxf3 Nd5 17.Nb6 Nxb6 18.Qxb6 f6 19.exf6 Bxf6 20.Qxc7 Rxc7 21.Rd6 Rfc8
22.Rc1 a5 23.Ra6 Rb7 24.Rxa5 g6 25.Rd1 Kf7 26.Rd3 Rc4 27.b3 Rc6 28.Ra7 Rcc7
29.Rxb7 Rxb7 30.Bd4 Bxd4 31.Rxd4 Ke7 32.Kb2 Rb5 33.h4 d6 34.c3 bxc3+ 35.Kxc3 Rh5
36.a4 Kd7 37.b4 Rxh4 38.a5 Kc6 39.Rc4+ Kb5 40.Rc8 Rxf4 41.Rb8+ Ka6 42.Rb6+ Ka7
43.Rxd6 Rxf3+ 44.Kc4 Rf7 45.Kb5 h5 46.a6 Rf5+ 47.Kc6 Rf1 48.Kb5 Rf5+ 49.Kc6 Rf1
50.b5 Rc1+ 51.Kd7  1/2-1/2

[Event "TCh-YUG"]
[Site "Herceg Novi YUG"]
[Date "2001.05.19"]
[Round "6"]
[White "Radovanovic,D"]
[Black "Rajkovic,Du"]
[Result "0-1"]
[WhiteElo "2327"]
[BlackElo "2490"]

1.e4 c5 2.Nf3 e6 3.d4 cxd4 4.Nxd4 Nc6 5.Nc3 a6 6.Be2 Nge7 7.Be3 b5 8.O-O Bb7
9.f4 Ng6 10.Nb3 Qc7 11.Bd3 Be7 12.Qh5 Nb4 13.f5 Ne5 14.Rad1 Nbxd3 15.cxd3 b4
16.Ne2 exf5 17.Qxf5 O-O 18.Rc1 Qb8 19.Nf4 d6 20.d4 Ng6 21.Nh5 Bc8 22.Qf3 Bd7
23.d5 Bh4 24.Bd4 f6 25.Na5 Bg5 26.Rc2 Bb5 27.Rff2 Qe8 28.Rc7 Rf7 29.Rfc2 Bd7
30.Ng3 Nh4 31.Qe2 f5 32.Nb7 Bf4 33.Nh5 Bb5 34.Qf2 Rxc7 35.Rxc7 Qxh5  0-1

[Event "TCh-YUG"]
[Site "Herceg Novi YUG"]
[Date "2001.05.19"]
[Round "6"]
[White "Brenjo,S"]
[Black "Zvjaginsev,V"]
[Result "0-1"]
[WhiteElo "2449"]
[BlackElo "2627"]

1.e4 c5 2.Nf3 Nc6 3.d4 cxd4 4.Nxd4 e6 5.Nc3 d6 6.Be3 Nf6 7.Bc4 Be7 8.Bb3 O-O
9.O-O Bd7 10.f4 Rc8 11.Qe2 Na5 12.Bf2 a6 13.Rad1 g6 14.Kh1 Nh5 15.Be3 b5
16.e5 Nxb3 17.axb3 Qc7 18.Qd2 Rfd8 19.Nf5 gxf5 20.exd6 Bxd6 21.Qxd6 Qxd6
22.Rxd6 Bc6 23.Rxd8+ Rxd8 24.b4 Nf6 25.Rd1 Rxd1+ 26.Nxd1 Be4 27.c3 Bd3 28.Nf2 Be2
29.Bd4 Nd7 30.Kg1 f6 31.Nh1 e5 32.Be3 Kf7 33.Kf2 Bd3 34.Ng3 Ke6 35.Nh5 Kd5
36.h4 Kc4 37.g4 Kb3 38.Ke1 Kxb2 39.Bd2 Kc2 40.g5 fxg5 41.fxg5 f4  0-1

[Event "TCh-YUG"]
[Site "Herceg Novi YUG"]
[Date "2001.05.20"]
[Round "7"]
[White "Bokan,D"]
[Black "Todorovic,GM"]
[Result "0-1"]
[WhiteElo "2349"]
[BlackElo "2494"]

1.e4 c5 2.Nf3 e6 3.d4 cxd4 4.Nxd4 Nc6 5.Nc3 Nf6 6.Ndb5 d6 7.Bf4 e5 8.Bg5 a6
9.Na3 b5 10.Nd5 Be7 11.Bxf6 Bxf6 12.c3 Bg5 13.Nc2 O-O 14.h4 Bh6 15.g4 Bf4
16.Qf3 Re8 17.Be2 Bb7 18.Rd1 Ne7 19.Ncb4 Ng6 20.Qh3 Rc8 21.a3 Rc5 22.g5 a5
23.Nd3 Rxd5 24.exd5 Bxd5 25.O-O Bb3 26.Ra1 Bc4 27.Qh1 e4 28.Nxf4 Nxf4 29.Bxc4 bxc4
30.Rfe1 d5 31.Rad1 Nd3 32.Re2 Qc8 33.Rdd2 Qg4+ 34.Kf1 Re5 35.Qh2 h5 36.Qg3 Qe6
37.Re3 Rf5 38.Kg1 Kh7 39.Kg2 Qh6 40.Kg1 Qe6 41.Kg2 Qe8 42.Kg1 Kg8 43.Kg2 Qe6
44.Kg1 Ne5 45.Rd1 Kh7 46.Kg2 Ng4 47.Rf1 Qb6 48.Rb1 Nxe3+ 49.Qxe3 Qe6 50.Rh1 Rf3
51.Qd4 Rd3  0-1

[Event "TCh-RUS"]
[Site "Tomsk RUS"]
[Date "2001.05.20"]
[Round "7"]
[White "Shaposhnikov,E"]
[Black "Beshukov,S"]
[Result "1/2-1/2"]
[WhiteElo "2514"]
[BlackElo "2463"]

1.e4 c5 2.Nf3 e6 3.d4 cxd4 4.Nxd4 Nc6 5.Nc3 Qc7 6.Be2 a6 7.O-O Nf6 8.Kh1 Nxd4
9.Qxd4 Bc5 10.Qd3 b5 11.Bg5 Bb7 12.f4 Bb4 13.Bxf6 gxf6 14.a4 Bxc3 15.bxc3 bxa4
16.Rxa4 Rc8 17.Rd1 O-O 18.Qg3+ Kh8 19.Qh4 Qd8 20.Bxa6 Bxa6 21.Rxa6 Rxc3 22.Rad6 Rxc2
23.h3 Rc7 24.f5 Rg8 25.fxe6 fxe6 26.Rxe6  1/2-1/2

[Event "Open"]
[Site "Pula CRO"]
[Date "2001.05.21"]
[Round "4"]
[White "Kekic,A"]
[Black "Orel,O"]
[Result "1/2-1/2"]
[WhiteElo "2187"]
[BlackElo "2316"]

1.e4 c5 2.Nf3 e6 3.d4 cxd4 4.Nxd4 Nc6 5.Nc3 Qc7 6.Be2 Nf6 7.O-O a6 8.Be3 d6
9.a4 Be7 10.f4 h5 11.Bf3  1/2-1/2

[Event "TCh-YUG"]
[Site "Herceg Novi YUG"]
[Date "2001.05.22"]
[Round "9"]
[White "Markovic,Zo"]
[Black "Abramovic,B"]
[Result "1/2-1/2"]
[WhiteElo "2186"]
[BlackElo "2487"]

1.e4 c5 2.Nf3 e6 3.d4 cxd4 4.Nxd4 Nc6 5.Nc3 a6 6.Be2 Qc7 7.O-O Nf6 8.Kh1 Be7
9.f4 d6 10.Be3 O-O 11.Qe1 Nxd4 12.Bxd4 b5 13.a3 Bb7 14.Qg3 Rae8 15.Rae1 Bd8
16.e5 dxe5 17.Bxe5 Qc8 18.Bf3 h6 19.Bd6 Be7 20.Bxe7 Rxe7 21.f5 Ree8 22.Bxb7 Qxb7
23.fxe6 Rxe6 24.Rxe6 fxe6 25.Qd6 Qc8 26.h3 Rf7 27.Re1 Nh5 28.Qxe6 Qxe6 29.Rxe6 Rf2  1/2-1/2

[Event "XXVI Elekes Mem IM"]
[Site "Budapest HUN"]
[Date "2001.05.23"]
[Round "3"]
[White "Medvegy,N"]
[Black "Somogyi,I"]
[Result "1/2-1/2"]
[WhiteElo "2346"]
[BlackElo "2243"]

1.e4 c5 2.Nf3 e6 3.d4 cxd4 4.Nxd4 Nc6 5.Nc3 Qc7 6.f4 a6 7.Nxc6 bxc6 8.e5 d6
9.exd6 Bxd6 10.Ne4 Be7 11.Bd3 Nf6 12.O-O O-O 13.Qe2 Bb7 14.Bd2 c5 15.Ng5 Rad8
16.Bc3 h6 17.Nf3 Nd5 18.Be5 Qb6 19.c4 Nb4 20.Bb1 Nc6 21.Qc2 g6 22.Qf2  1/2-1/2

[Event "TCh-YUG Women"]
[Site "Herceg Novi YUG"]
[Date "2001.05.23"]
[Round "10"]
[White "Manakova,M"]
[Black "Micic,S"]
[Result "1/2-1/2"]
[WhiteElo "2395"]
[BlackElo "2179"]

1.e4 c5 2.Nf3 Nc6 3.d4 cxd4 4.Nxd4 e6 5.Nc3 a6 6.Be3 Qc7 7.Be2 Nf6 8.O-O Be7
9.Kh1 Ne5 10.f4 Nc4 11.Bc1 d6 12.Qd3 Nb6 13.Qg3 g6 14.e5 Nfd7 15.Nf3 Nf8
16.Be3 d5 17.Nd1 Nbd7 18.Rc1 b5 19.a4 b4 20.c4 bxc3 21.bxc3 Nb6 22.c4 Nxc4
23.Nd2 Nd7 24.Nxc4 dxc4 25.Rxc4 Qd8 26.Bf3 Rb8 27.Ba7 Rb4 28.Ne3 Rxc4 29.Nxc4 Qc7
30.Be3 O-O 31.Rc1 Qb8 32.Na5 Ba3 33.Rd1 Qb4 34.Nc6 Qxa4 35.Ra1 Qb3 36.Qe1 Re8
37.Na5 Qd3 38.Rd1 Qb5 39.Bc6 Qb4 40.Bxd7 Qxe1+ 41.Rxe1 Bxd7 42.Ra1 Bb4 43.Nc4 Bb5
44.Nd6 Rd8 45.Nxb5 axb5 46.Rb1 Bd2 47.Bxd2 Rxd2 48.g3 Rd5 49.Ra1 Rd8 50.Kg2 h5
51.Kf3 Kf8  1/2-1/2

[Event "TCh-YUG Women"]
[Site "Herceg Novi YUG"]
[Date "2001.05.23"]
[Round "10"]
[White "Drljevic,L"]
[Black "Mladenovic,J"]
[Result "1/2-1/2"]
[WhiteElo "2145"]
[BlackElo "2120"]

1.e4 c5 2.Nf3 Nc6 3.d4 cxd4 4.Nxd4 e6 5.Nc3 Qc7 6.Be3 a6 7.Be2 Nf6 8.O-O Be7
9.Kh1 O-O 10.f4 d6 11.Qe1 Nxd4  1/2-1/2

[Event "Master Open"]
[Site "Lausanne SUI"]
[Date "2001.05.23"]
[Round "2"]
[White "Fressinet,L"]
[Black "Landenbergue,C"]
[Result "1-0"]
[WhiteElo "2575"]
[BlackElo "2401"]

1.e4 c5 2.Nf3 e6 3.d4 cxd4 4.Nxd4 Nc6 5.Nc3 Qc7 6.Be3 a6 7.Bd3 Nf6 8.O-O Nxd4
9.Bxd4 Bc5 10.Be2 d6 11.Qd2 Bxd4 12.Qxd4 e5 13.Qd3 Be6 14.Rad1 Rd8 15.f4 exf4
16.Rxf4 Qc5+ 17.Kh1 Qe5 18.Rf2 O-O 19.Bf3 Rd7 20.Rfd2 Qg5 21.Qd4 Rfd8 22.a4 h6
23.Qf2 Qa5 24.Rd4 Qc5 25.Qd2 Qe5 26.Qe1 Rc8 27.Qd2 Rcd8 28.Qd3 Qg5 29.Qe2 Qe5
30.Qd2 Qc5 31.b4 Qe5 32.a5 Rc7 33.Na4 Rdc8 34.Rxd6 Rxc2 35.Qd4 Qxd4 36.R6xd4 Nd7
37.e5 R8c7 38.Be4 Rc1 39.Nc5 Rxd1+ 40.Rxd1 Bg4 41.e6 Bxe6 42.Nxb7 Bb3 43.Rb1 Nf6
44.Bf3 Ba4 45.Nc5 Bb5 46.Bb7 Nd7 47.Bxa6  1-0

[Event "Open"]
[Site "Pula CRO"]
[Date "2001.05.23"]
[Round "6"]
[White "Brkic,D CRO"]
[Black "Orak,L"]
[Result "1/2-1/2"]
[WhiteElo "2147"]
[BlackElo "2338"]

1.e4 c5 2.Nf3 e6 3.d4 cxd4 4.Nxd4 Nc6 5.Nc3 Qc7 6.Be2 a6 7.O-O Nf6 8.Kh1 Be7
9.f4 d6 10.Bf3 O-O 11.a4 Re8 12.Be3 Rb8 13.Qd2 Bd7 14.Qf2 Nxd4 15.Bxd4 e5
16.Bb6 Qc8 17.Qe3 exf4 18.Qxf4 Be6 19.Rad1 Nd7 20.Bd4 Ne5 21.Be2 Qc7 22.Qg3 Bf8
23.Rf2 Rbd8 24.Rdf1 g6 25.h4 Bg7 26.h5 Qd7 27.Rd1 Qc7 28.Qe3 Rc8 29.hxg6 fxg6
30.Qg3 Qe7 31.Bf3 Rf8 32.Rff1 Rf7 33.Be2 Rcf8 34.Rxf7 Rxf7 35.Rf1 Rxf1+ 36.Bxf1 Qf6
37.Be2 Bh6 38.Nd5 Bxd5 39.Bxe5 dxe5 40.exd5 Bf4 41.Qg4 Kg7 42.g3 Bc1 43.Qd7+ Kh6  1/2-1/2

[Event "Open"]
[Site "Pula CRO"]
[Date "2001.05.23"]
[Round "6"]
[White "Fercec,N"]
[Black "Orel,O"]
[Result "1-0"]
[WhiteElo "2433"]
[BlackElo "2316"]

1.e4 c5 2.Nf3 e6 3.d4 cxd4 4.Nxd4 Nc6 5.Nc3 Qc7 6.Be3 Nf6 7.Bd3 a6 8.O-O Nxd4
9.Bxd4 Bc5 10.Bxc5 Qxc5 11.Qd2 d6 12.Kh1 b5 13.f4 O-O 14.Rae1 e5 15.Nd5 Nxd5
16.exd5 Bb7 17.fxe5 Bxd5 18.Rf5 Rfe8 19.Rh5 Rxe5 20.Bxh7+ Kf8 21.Rhxe5 dxe5
22.Rxe5 Re8 23.Rxe8+ Kxe8 24.Bd3 Bxa2 25.b3 Qe5 26.Kg1 Ke7 27.h3 Qd4+ 28.Kf1 Kd6
29.Qa5 Bxb3 30.Qa3+ Kc6 31.Qxb3 Qf4+ 32.Ke2 Qe5+ 33.Kd2 a5 34.Qxf7 a4 35.Qg6+ Kc5
36.Qf5 Qxf5 37.Bxf5 b4 38.Kc1 Kd4 39.Kb2 Ke3 40.Bd7 b3  1-0

[Event "TCh-YUG Women"]
[Site "Herceg Novi YUG"]
[Date "2001.05.24"]
[Round "11"]
[White "Dimovska,A"]
[Black "Mladenovic,J"]
[Result "0-1"]
[WhiteElo "2078"]
[BlackElo "2120"]

1.e4 c5 2.Nf3 Nc6 3.d4 cxd4 4.Nxd4 e6 5.Nc3 Qc7 6.Nb3 Nf6 7.Bd3 a6 8.O-O Be7
9.f4 d6 10.Be3 O-O 11.g4 b5 12.g5 Nd7 13.Qh5 Rd8 14.Rf3 Nf8 15.Rh3 g6 16.Qh6 d5
17.e5 Bb7 18.Nd1 d4 19.Nf2 Nxe5 20.fxe5 dxe3 21.Rxe3 Qc6 22.Be4 Qb6 23.Rae1 Bxe4
24.Nxe4 Rd1 25.Kg2 Rxe1 26.Rxe1 Nd7 27.Nf6+ Nxf6 28.gxf6 Qc6+ 29.Kg3 Bf8
30.Qd2 h5 31.Nd4 Qd5 32.a3 Kh7 33.c3 Bh6 34.Qg2 Bf4+ 35.Kf2 Rd8 36.Qxd5 Rxd5
37.Nf3 g5 38.Re4 Bc1 39.Re2 g4 40.Nd4 Bf4 41.h3 Bxe5 42.hxg4 hxg4 43.Re4 Bxf6
44.Rxg4 Bg7 45.Kf3 Rh5 46.Nc6 f5 47.Rg2 e5 48.Nb4 e4+ 49.Kf4 Bh6+ 50.Ke5 e3
51.Nd5 f4+ 52.Ke4 Rxd5 53.Kxd5 f3  0-1

[Event "TCh-YUG"]
[Site "Herceg Novi YUG"]
[Date "2001.05.24"]
[Round "11"]
[White "Sedlak,N"]
[Black "Pavlovic,Mi"]
[Result "1/2-1/2"]
[WhiteElo "2448"]
[BlackElo "2501"]

1.e4 c5 2.Nf3 e6 3.d4 cxd4 4.Nxd4 Nc6 5.Nc3 Qc7 6.Be3 a6 7.Be2 Nf6 8.a3 d6
9.f4 Be7 10.g4 d5 11.e5 Ne4 12.Nxe4 dxe4 13.Nxc6 Qxc6 14.Qd4 Bh4+ 15.Kf1 Bd7
16.Rd1 Rd8 17.g5 h6 18.Rg1 hxg5 19.fxg5 Qd5 20.Rg4 Qxd4 21.Rxd4 f5 22.exf6 gxf6
23.g6 e5 24.Rxd7 Rxd7 25.g7 Rg8 26.Rxh4 Rdxg7 27.Rxe4 Rg2 28.Rh4 Ke7 29.Bd3 R2g4
30.Rh7+ R8g7 31.Rxg7+ Rxg7 32.Bf5 Rg8 33.h4 Rh8 34.Bf2 Kf7 35.Kg2 Rh5 36.Bg4 Rh7
37.Kf3 Kg6 38.Ke4 Rc7 39.h5+ Kg5 40.Bd1 Rc4+ 41.Kd5 b5 42.Be3+ Kf5 43.Be2 Rh4
44.c4 Rh3 45.Bb6 bxc4 46.Bxc4 Rxh5 47.Bxa6 Kf4 48.Bc7 Kf3 49.a4 e4+ 50.Kc6 e3
51.b4 f5 52.a5 Rh6+ 53.Bd6 f4 54.Kd5 Rxd6+ 55.Kxd6 Kf2 56.Bc4 f3 57.a6 e2
58.Bxe2 fxe2 59.a7 e1=Q 60.a8=Q Qxb4+  1/2-1/2

[Event "TCh-NED Playoffs"]
[Site "Breda NED"]
[Date "2001.05.25"]
[Round "2"]
[White "Van der Wiel,J"]
[Black "Langeweg,K"]
[Result "1/2-1/2"]
[WhiteElo "2493"]
[BlackElo "2298"]

1.e4 c5 2.Nf3 e6 3.d4 cxd4 4.Nxd4 Nc6 5.Nc3 Qc7 6.Be2 a6 7.O-O Nf6 8.Kh1 Nxd4
9.Qxd4 Bc5 10.Qd3 b5 11.f4 Bb7 12.Bf3 O-O 13.e5 Ne8 14.Bxb7 Qxb7 15.Ne4 Be7
16.Bd2 f5 17.exf6 Nxf6 18.Nxf6+ Rxf6 19.f5 Rxf5 20.Rxf5 exf5 21.Qxf5  1/2-1/2

[Event "TCh-YUG Final"]
[Site "Herceg Novi YUG"]
[Date "2001.05.25"]
[Round "1.1"]
[White "Popovic,P"]
[Black "Paunovic,D"]
[Result "1/2-1/2"]
[WhiteElo "2518"]
[BlackElo "2467"]

1.e4 c5 2.Nf3 e6 3.d4 cxd4 4.Nxd4 Nc6 5.Nc3 Qc7 6.g3 a6 7.Bg2 Nf6 8.O-O d6
9.Nxc6 bxc6 10.Na4 Bb7 11.c4 c5 12.Nc3 Be7 13.f4 O-O 14.g4 Nd7 15.g5 Rfe8
16.Bd2 Bf8 17.Qg4 Nb6 18.b3 d5 19.exd5 exd5 20.Nxd5 Nxd5 21.Bxd5  1/2-1/2

[Event "TCh-YUG Final"]
[Site "Herceg Novi YUG"]
[Date "2001.05.26"]
[Round "1.2"]
[White "Kovacevic,A"]
[Black "Tosic,M"]
[Result "1/2-1/2"]
[WhiteElo "2527"]
[BlackElo "2518"]

1.e4 c5 2.Nf3 e6 3.d4 cxd4 4.Nxd4 Nc6 5.Nc3 Qc7 6.Be2 a6 7.O-O Nf6 8.Be3 Be7
9.f4 d6 10.Kh1 Bd7 11.Qe1 b5 12.a3 O-O 13.Qg3 Ne8 14.f5 Bf6 15.fxe6 fxe6
16.Nxc6 Bxc6 17.Bg4 Qe7 18.Qh3 Nc7 19.Bb6 Kh8 20.Bxc7 Qxc7 21.Bxe6 Bxc3 22.Qxc3 Qb7
23.Bd5 Bxd5 24.exd5 Qxd5  1/2-1/2

[Event "TCh-YUG Final"]
[Site "Herceg Novi YUG"]
[Date "2001.05.27"]
[Round "2.1"]
[White "Marinkovic,Sl"]
[Black "Arsovic,Z"]
[Result "1/2-1/2"]
[WhiteElo "2449"]
[BlackElo "2403"]

1.e4 c5 2.Nf3 e6 3.d4 cxd4 4.Nxd4 Nc6 5.Nc3 d6 6.g3 Bd7 7.Bg2 a6 8.O-O Be7
9.Be3 Nf6 10.Nxc6 Bxc6 11.a4 O-O 12.Re1 Qc7  1/2-1/2

[Event "TCh-NOR Final"]
[Site "Langesund NOR"]
[Date "2001.05.27"]
[Round "5"]
[White "Moen,OC"]
[Black "Lauvsnes,A"]
[Result "0-1"]
[WhiteElo "2301"]
[BlackElo "2274"]

1.e4 c5 2.Nc3 e6 3.Nf3 Nc6 4.d4 cxd4 5.Nxd4 Nf6 6.Nb3 Bb4 7.Bd3 d5 8.exd5 Nxd5
9.Bd2 Nxc3 10.bxc3 Be7 11.Qe2 O-O 12.Rd1 Qc7 13.O-O e5 14.f4 Bd6 15.Qh5 f5
16.Bc4+ Kh8 17.fxe5 Nxe5 18.Bd5 Ng4 19.h3 Bc5+  0-1

[Event "Match"]
[Site "Podlehnik SLO"]
[Date "2001.05.29"]
[Round "2"]
[White "Licina,A"]
[Black "Todorovic,V"]
[Result "1-0"]
[WhiteElo "2195"]
[BlackElo "2116"]

1.e4 c5 2.Nf3 e6 3.d4 cxd4 4.Nxd4 Nc6 5.Nc3 d6 6.Be3 Nf6 7.Bc4 Be7 8.Qe2 O-O
9.O-O-O Bd7 10.Rhg1 Rc8 11.Bb3 a6 12.g4 Na5 13.g5 Nxb3+ 14.axb3 Ne8 15.f4 Qa5
16.Kb1 Nc7 17.Qd2 Kh8 18.Qf2 Nb5 19.Nde2 Rc6 20.f5 Nxc3+ 21.Nxc3 exf5 22.Rd5 b5
23.exf5 Be6 24.f6 Rfc8 25.fxe7 Rxc3 26.Rxd6 Rxe3 27.Qxe3 Qc7 28.Rd8+ Rxd8
29.exd8=Q+ Qxd8 30.h4 g6 31.Qf3 Kg7 32.Rd1 Qe7 33.Qc3+ Kg8 34.Qe5  1-0

[Event "2nd SUFE Cup Rapid"]
[Site "Shanghai CHN"]
[Date "2001.05.31"]
[Round "1"]
[White "Qin Kanying"]
[Black "Ioseliani,N"]
[Result "0-1"]
[WhiteElo "2489"]
[BlackElo "2499"]

1.e4 c5 2.Nf3 e6 3.d4 cxd4 4.Nxd4 Nc6 5.Nc3 a6 6.g3 d6 7.Bg2 Bd7 8.O-O Nf6
9.Nxc6 Bxc6 10.a4 Be7 11.a5 O-O 12.Be3 Nd7 13.Na4 Bb5 14.Re1 Qc7 15.Nb6 Nxb6
16.Bxb6 Qd7 17.Bd4 Rac8 18.b3 e5 19.Be3 Bc6 20.c4 Kh8 21.Qd3 f5 22.Rad1 f4
23.Bb6 Qe6 24.b4 Ba4 25.Ra1 Bd7 26.Bf1 Qh6 27.Ra2 f3 28.Re3 Qh5 29.Ra3 Bg4
30.Rc3 Rf6 31.h3 Bxh3 32.Rxf3 Rh6 33.Re3 Bg5 34.Rf3 Bg4 35.Bg2 Bxf3 36.Qxf3 Qxf3
37.Rxf3 Rf6 38.Rc3 Bd2 39.Rd3 Bxb4 40.Rb3 Bd2 41.Ba7 Rf7 42.Rb6 Rc6 43.c5 Rxb6
44.Bxb6 dxc5  0-1

[Event "It"]
[Site "Bibinje CRO"]
[Date "2001.06.01"]
[Round "1"]
[White "Sax,G"]
[Black "Bistric,F"]
[Result "1-0"]
[WhiteElo "2563"]
[BlackElo "2454"]

1.e4 c5 2.Nf3 e6 3.d4 cxd4 4.Nxd4 Nc6 5.Nc3 Qc7 6.f4 Nxd4 7.Qxd4 a6 8.Be3 b5
9.Bd3 Bb7 10.a4 b4 11.Na2 a5 12.c3 Ne7 13.cxb4 Nc6 14.Qc3 axb4 15.Qc2 g5
16.O-O gxf4 17.Bxf4 Bd6 18.Bxd6 Qxd6 19.Rad1 Ne5 20.Bb5 Qb6+ 21.Kh1 Rg8 22.Nxb4 Qe3
23.Bxd7+ Kf8 24.Rde1 Qd4 25.Bxe6 Qxb4 26.Qc7  1-0

[Event "2nd IECC"]
[Site "Ohrid MKD"]
[Date "2001.06.01"]
[Round "1"]
[White "Smirnov,P"]
[Black "Tregubov,P"]
[Result "1/2-1/2"]
[WhiteElo "2511"]
[BlackElo "2628"]

1.e4 c5 2.Nf3 e6 3.d4 cxd4 4.Nxd4 Nc6 5.Nc3 Qc7 6.Be3 a6 7.Bd3 Nf6 8.O-O Nxd4
9.Bxd4 Bc5 10.Be2 e5 11.Bxc5 Qxc5 12.Kh1 b5 13.f4 d6 14.Qd3 Be6 15.Rad1 O-O
16.Qxd6 Qxd6 17.Rxd6 b4 18.Nd5 Nxe4 19.Ne7+ Kh8 20.Rxa6 Rxa6 21.Bxa6 Nc5
22.Be2 Re8 23.Nc6 exf4 24.Nxb4 Bxa2 25.Bb5 Rb8 26.Nxa2 Rxb5 27.b4 Ne6 28.c4 Re5
29.Nc3 g5 30.c5 Nd4 31.Rd1 Re3 32.h4 Rxc3 33.Rxd4 h6 34.hxg5 hxg5 35.Rd5 g4
36.Kh2 Kh7 37.Rf5 Rc4 38.b5 Kg6 39.Rd5 f5 40.Rd1 Rxc5 41.Rb1 Rc7 42.b6 Rb7
43.Kg1 g3 44.Kf1 Kg5 45.Rb4 Kg4  1/2-1/2

[Event "2nd IECC"]
[Site "Ohrid MKD"]
[Date "2001.06.01"]
[Round "1"]
[White "Stanojoski,Z"]
[Black "Kuzmin,G"]
[Result "1/2-1/2"]
[WhiteElo "2435"]
[BlackElo "2569"]

1.e4 c5 2.Nf3 e6 3.d4 cxd4 4.Nxd4 Nc6 5.Nc3 d6 6.Be3 Nf6 7.Be2 Be7 8.O-O O-O
9.Kh1 e5 10.Nxc6 bxc6 11.f4 exf4 12.Bxf4 Be6 13.Qd3 Qb8 14.Qg3 Ne8 15.Rad1 Kh8
16.b3 Qc7 17.Na4 Rd8 18.Nc5 Bc8 19.Nd3 Qa5 20.Bd2 Qb6 21.Bc3 d5 22.e5 Nc7
23.Bh5 Be6 24.Nf4 d4 25.Bd2 Bf5 26.Nd3 Be6 27.Bf3 Nd5 28.Be4 c5 29.Rde1 Rc8
30.Bxd5 Bxd5 31.Nf4 Bb7 32.c4 dxc3 33.Bxc3 Qh6 34.e6 Rcd8 35.exf7 Rxf7 36.Nh3 Rxf1+
37.Rxf1 Kg8 38.Qe5 Qg6 39.Nf4 Rf8 40.Rf3 Rxf4 41.Qxf4 Bxf3 42.Qc4+ Kf8 43.gxf3 Qb1+
44.Kg2 Qxa2+ 45.Kh3 Bd6 46.Be5 Qd2 47.Bg3 Bxg3 48.hxg3 Qd6 49.Qe4 Qd7+ 50.Kg2 h6
51.Qe5 Qe7 52.Qd5 g6 53.Qd2 h5 54.Qh6+ Kf7 55.Qh7+ Kf6 56.Qh8+ Kf5 57.Qc8+ Ke5
58.Qc6 Kd4 59.Qxg6 Qe2+ 60.Kh3 Qxf3 61.Qg7+ Kd3 62.Kh2 a5 63.Qa1 Qe2+ 64.Kg1 Qe3+
65.Kh2 Qf2+ 66.Kh3 Qf3 67.Qc1 Qf5+ 68.Kh2 Qf2+ 69.Kh3 Qc2 70.Qf1+ Kc3 71.Qb5 Qf5+
72.Kh2 Qd5 73.Qxa5+ Kxb3 74.Qb5+ Kc2 75.Qa4+ Kd2 76.Qb5 Qe5 77.Qa5+ Ke2 78.Qa2+ Kd1
79.Qb1+ Kd2 80.Qa2+ Ke3 81.Qb3+ Ke4 82.Qc4+ Kf5 83.Qf7+ Kg5 84.Qg8+ Kf6 85.Qh8+ Ke6
86.Qe8+ Kd6 87.Qb8+ Kd5 88.Qa8+ Kd4 89.Qa1+ Ke4 90.Qb1+ Kf3 91.Qd3+ Kf2 92.Qc2+ Qe2
93.Qxc5+ Kf3+ 94.Kh3  1/2-1/2

[Event "2nd IECC"]
[Site "Ohrid MKD"]
[Date "2001.06.01"]
[Round "1"]
[White "Brendel,O"]
[Black "Eljanov,P"]
[Result "1-0"]
[WhiteElo "2389"]
[BlackElo "2558"]

1.e4 c5 2.Nf3 Nc6 3.Nc3 e6 4.d4 cxd4 5.Nxd4 Nf6 6.g3 d6 7.Bg2 Bd7 8.O-O a6
9.h3 Be7 10.g4 Nxd4 11.Qxd4 e5 12.Qd3 b5 13.Ne2 Be6 14.a4 Bc4 15.Qe3 bxa4
16.Rd1 h5 17.g5 Nd7 18.Nc3 O-O 19.Rxa4 Rc8 20.h4 g6 21.b3 Bb5 22.Ra2 Nc5
23.Nd5 Bc6 24.Bh3 Ne6 25.Nxe7+ Qxe7 26.Rxa6 Rc7 27.Ba3 Rd8 28.Bxe6 Qxe6 29.Qf3 Qc8
30.Rb6 Ra7 31.Rxd6 Bb7 32.Rxg6+  1-0